| 000 | 00351nam a22001457a 4500 | ||
|---|---|---|---|
| 020 | _qHB. | ||
| 040 | _cFIZZA ISHAQ | ||
| 082 |
_a005.1 _bDON |
||
| 100 |
_aKNUTH, DONALD. _989592 |
||
| 245 |
_aART OF COMPUTER PROGRAMMING VOL 3 SOLDERING / _cDONALD KNUTH. |
||
| 250 | _a2nd ED. | ||
| 260 |
_bWESLEY, _c1998. |
||
| 300 | _a782 P. ; | ||
| 942 |
_2ddc _cBK |
||
| 999 |
_c588254 _d588254 |
||